4 Letter Capital Cities - Statistics

General Stats
  • This quiz has been taken 43 times
  • The average score is 12 of 14
Answer Stats
Continent Country City % Correct
Europe Ukraine Kyiv
100%
South America Peru Lima
100%
Europe Norway Oslo
100%
Europe Italy Rome
100%
Europe Switzerland Bern
98%
Europe Latvia Riga
95%
Asia Qatar Doha
90%
Asia Azerbaijan Baku
88%
Oceania Fiji Suva
80%
Asia Maldives Male
78%
Asia Timor Leste Dili
76%
Africa South Sudan Juba
73%
Africa Togo Lomé
73%
Oceania Samoa Apia
71%
No matching quizzes found
Score Distribution
Percent of People with Each Score
Percentile by Number Answered
Your Score History
You have not taken this quiz